01946cam a2200433 i 450000100060000000300090000600500170001500800390003201500160007104000280008704100130011504600090012808000110013708000080014810000480015624501150020424600840031926000460040330000460044933600270049533700540052233800280057638000160060438800140062038800140063449002560064850001010090450000300100550400250103554600190106065000160107965000200109565000210111565800280113671000490116483000940121383001070130785600980141430542KOSZ 00520221024082949.0970510s1994 pl a f |000 0 pol aPB 1995/540 aWA NcWA NdKOSZ 005/HR0 apolbeng k1994 a621.74 a5341 aMikulczyński, Tadeuszd(1951-2015)eAutor10aZastosowanie metody ultradźwiękowej do badania mas i materiałów formierskich /cTadeusz Mikulczyński.31aApplication of the ultrasound method in examining moulding sands and materials. aWrocław :bOficyna Wydawnicza PW,c1994. a71, [3] s. :bfot., rys., wykr. ;c24 cm. 2rdacontentaTekstbtxt 2rdamediaaBez urządzenia pośredniczącegobn 2rdacarrieraWoluminbnc aKsiążki a1901-2000 a1989-20001 aPrace Naukowe Instytutu Technologii Maszyn i Automatyzacji Politechniki Wrocławskiej. Monografie =aScientific Papers of the Institute of Mechanical Engineering and Automatization of the Technical University of Wrocław. Monographs,x0867-5325 ;v15. aTyt. równol. : Application of the ultrasound method in examining moulding sands and materials. aNumeracja ser. gł. : 54. aBibliogr. s. 69-71.  aStreszcz. ang. 4aFormierstwo 4aMetody badawcze 4aUltradźwięki aInżynieria i technika2 aOficyna Wydawnicza Politechniki Warszawskiej 0aPrace Naukowe Instytutu Technologii Maszyn i Automatyzacji Politechniki Wrocławskiejv54 0aPrace Naukowe Instytutu Technologii Maszyn i Automatyzacji Politechniki Wrocławskiej.pMonografiev15 uhttp://koha.tu.koszalin.pl/cgi-bin/koha/opac-detail.pl?biblionumber=30542yKatalog online BPK